| 000 | 00743nam a22001577a 4500 | ||
|---|---|---|---|
| 003 | OSt | ||
| 005 | 20151027160835.0 | ||
| 008 | 151027b xxu||||| |||| 00| 0 eng d | ||
| 040 | _cRUA | ||
| 082 | _aAVM SAM 2013 B111 Or.1 | ||
| 100 |
_92982 _aSAM, BORA. |
||
| 245 | _aSurvey on diarrhea of piglet at sangkat kampong pranak preah vihear city preah vihear province, ការអង្កេតលើជំងឺរាគកូនជ្រូកជាលក្ខណៈគ្រួសារក្នុងសង្កេត់កមពង់ប្រណាក ក្នុងព្រះវិហារខេត្តព្រះវិហារ | ||
| 260 |
_aPhnom Penh _bRUA _c2013 |
||
| 300 |
_aix; 43p. _bill. _c29cm. |
||
| 942 |
_2ddc _cAVM |
||
| 999 |
_c2796 _d2796 |
||